| 000 | 00769nam a22002417a 4500 | ||
|---|---|---|---|
| 999 |
_c19554 _d19554 |
||
| 003 | AR-CdUCM | ||
| 008 | 190223b ||||| |||| 00| 0 spa d | ||
| 040 |
_aMUNICIPALIDAD PROVINCIAL DEL CUSCO _cBIBLIOTECA MUNICIPAL DEL CUSCO |
||
| 041 | _hdut | ||
| 082 |
_a868.5 / _bC22 |
||
| 100 |
_aDe Campoamor, Ramón _940964 |
||
| 245 | _aFábulas completas / | ||
| 260 |
_aArgentina : _bSopena, _c1944. |
||
| 300 |
_a135 páginas _c23 cm |
||
| 440 |
_aBiblioteca mundial Sopena _910296 |
||
| 505 | _aContenido : Insuficiencia de las leyes -- Instituciones inútiles -- Oficios mutuos... | ||
| 650 |
_aFabulas _94606 |
||
| 650 |
_aSección literaria _940965 |
||
| 650 |
_aSección política _940966 |
||
| 650 |
_aReligiosa _9116 |
||
| 942 |
_2ddc _cLIBROS |
||
| 945 | _arcc | ||